000
00304 a2200157 4500
001
183272
020
_a
040
_c
Magnum
100
_a
Uris, Leon
240
1
0
_a
Topázio
_l
por
245
1
0
_a
Topázio
300
_a
397
362
0
_a
1985
697
_a
LITERATURA GERAL ESTRANGEIRA
942
_c
BK
999
_c
183272
_d
183272